[Event "Russiarapid"]
[Site "?"]
[Date "2016.10.03"]
[Round "10.1"]
[White "Andreikin, Dmitry"]
[Black "Savchenko, Boris"]
[Result "1/2-1/2"]
[LiveChessVersion "1.4.4"]
[BlackElo "2676"]
[WhiteElo "2743"]

1. d4 {[%clk 0:15:18]} Nf6 {[%clk 0:15:19]} 2. c4 {[%clk 0:15:27]} g6
{[%clk 0:15:27]} 3. Nc3 {[%clk 0:15:35]} d5 {[%clk 0:15:36]} 4. Bf4
{[%clk 0:14:54]} Bg7 {[%clk 0:15:05]} 5. e3 {[%clk 0:15:02]} c5 {[%clk 0:15:12]}
6. dxc5 {[%clk 0:14:31]} Qa5 {[%clk 0:15:20]} 7. Qa4+ {[%clk 0:10:33]} Qxa4
{[%clk 0:15:27]} 8. Nxa4 {[%clk 0:10:41]} Bd7 {[%clk 0:13:20]} 9. Nc3
{[%clk 0:10:37]} dxc4 {[%clk 0:13:25]} 10. Bxc4 {[%clk 0:10:34]} O-O
{[%clk 0:13:31]} 11. Nf3 {[%clk 0:09:13]} Rc8 {[%clk 0:12:14]} 12. Ne5
{[%clk 0:09:09]} Be8 {[%clk 0:12:19]} 13. Rd1 {[%clk 0:09:16]} Nh5
{[%clk 0:11:08]} 14. Bd5 {[%clk 0:07:08]} Nc6 {[%clk 0:11:02]} 15. Nxc6
{[%clk 0:06:58]} Bxc6 {[%clk 0:08:17]} 16. Bxc6 {[%clk 0:06:34]} Bxc3+
{[%clk 0:07:28]} 17. bxc3 {[%clk 0:06:42]} Rxc6 {[%clk 0:07:36]} 18. Rd7
{[%clk 0:06:49]} Nxf4 {[%clk 0:07:18]} 19. exf4 {[%clk 0:06:58]} Rxc5
{[%clk 0:07:26]} 20. Rxb7 {[%clk 0:07:00]} Rxc3 {[%clk 0:07:32]} 21. O-O
{[%clk 0:07:05]} e6 {[%clk 0:07:23]} 22. Rd1 {[%clk 0:07:02]} Rc2
{[%clk 0:07:20]} 1/2-1/2

[Event "Russiarapid"]
[Site "?"]
[Date "2016.10.03"]
[Round "10.2"]
[White "Moiseenko, Vadim"]
[Black "Bologan, Victor"]
[Result "1/2-1/2"]
[LiveChessVersion "1.4.4"]
[BlackElo "2569"]
[WhiteElo "2463"]

1. e4 {[%clk 0:15:19]} c5 {[%clk 0:15:18]} 2. Nf3 {[%clk 0:15:27]} d6
{[%clk 0:15:27]} 3. d4 {[%clk 0:15:26]} cxd4 {[%clk 0:15:35]} 4. Nxd4
{[%clk 0:15:35]} Nf6 {[%clk 0:15:43]} 5. Nc3 {[%clk 0:15:43]} a6 {[%clk 0:15:52]}
6. Bg5 {[%clk 0:15:24]} Nbd7 {[%clk 0:15:59]} 7. f4 {[%clk 0:15:07]} e6
{[%clk 0:08:01]} 8. Qf3 {[%clk 0:15:07]} Qc7 {[%clk 0:07:53]} 9. O-O-O
{[%clk 0:15:14]} Be7 {[%clk 0:07:38]} 10. g4 {[%clk 0:15:09]} b5 {[%clk 0:07:19]}
11. Bxf6 {[%clk 0:15:16]} gxf6 {[%clk 0:06:46]} 12. Bg2 {[%clk 0:12:47]} Bb7
{[%clk 0:06:06]} 13. Kb1 {[%clk 0:12:55]} b4 {[%clk 0:05:57]} 14. Nce2
{[%clk 0:13:03]} h5 {[%clk 0:05:50]} 15. h3 {[%clk 0:12:47]} Nc5 {[%clk 0:05:40]}
16. Qe3 {[%clk 0:12:39]} O-O-O {[%clk 0:05:40]} 17. Bf3 {[%clk 0:12:31]} hxg4
{[%clk 0:05:24]} 18. hxg4 {[%clk 0:12:40]} Kb8 {[%clk 0:05:22]} 19. Rh5
{[%clk 0:09:00]} Rxh5 {[%clk 0:05:26]} 20. gxh5 {[%clk 0:09:09]} Rh8
{[%clk 0:05:25]} 21. Nb3 {[%clk 0:07:37]} Nd7 {[%clk 0:04:13]} 22. c3
{[%clk 0:06:40]} Qb6 {[%clk 0:03:30]} 23. Qd3 {[%clk 0:05:10]} a5
{[%clk 0:03:35]} 24. cxb4 {[%clk 0:05:18]} Qxb4 {[%clk 0:03:42]} 25. Qc3
{[%clk 0:04:41]} Bxe4+ {[%clk 0:03:19]} 26. Bxe4 {[%clk 0:04:40]} Qxe4+
{[%clk 0:03:27]} 27. Ka1 {[%clk 0:04:06]} Qxe2 {[%clk 0:03:32]} 28. Rc1
{[%clk 0:04:16]} Nc5 {[%clk 0:03:05]} 29. Nxa5 {[%clk 0:04:25]} Qb5
{[%clk 0:02:40]} 30. b4 {[%clk 0:04:32]} Rxh5 {[%clk 0:02:22]} 31. Qf3
{[%clk 0:04:19]} Rh2 {[%clk 0:02:12]} 32. Nc6+ {[%clk 0:04:24]} Kc7
{[%clk 0:02:03]} 33. Nxe7 {[%clk 0:04:24]} Qa4 {[%clk 0:02:05]} 34. Qb3
{[%clk 0:04:29]} Rh1 {[%clk 0:01:21]} 35. Qxa4 {[%clk 0:04:02]} Rxc1+ 36. Kb2
Nxa4+ {[%clk 0:01:31]} 37. Kxc1 {[%clk 0:04:21]} Nc3 {[%clk 0:01:26]} 38. Kb2
{[%clk 0:04:27]} Ne2 {[%clk 0:01:09]} 39. f5 {[%clk 0:04:35]} Kd7
{[%clk 0:01:03]} 40. Ng8 {[%clk 0:04:45]} exf5 {[%clk 0:01:08]} 41. a4
{[%clk 0:04:17]} Ke6 {[%clk 0:01:03]} 42. a5 {[%clk 0:04:21]} Nd4
{[%clk 0:01:07]} 43. Kc3 {[%clk 0:03:56]} Nb5+ {[%clk 0:01:10]} 44. Kd3
{[%clk 0:04:05]} d5 {[%clk 0:01:04]} 45. a6 {[%clk 0:04:12]} f4 {[%clk 0:01:10]}
46. Nh6 {[%clk 0:04:15]} f5 {[%clk 0:01:18]} 47. Ng8 {[%clk 0:03:58]} d4
{[%clk 0:01:05]} 48. Ke2 {[%clk 0:04:08]} Kd5 {[%clk 0:00:55]} 49. Nh6
{[%clk 0:04:01]} Ke6 {[%clk 0:00:48]} 50. Ng8 {[%clk 0:04:08]} Kd5
{[%clk 0:00:34]} 51. Nh6 {[%clk 0:04:18]} Ke4 {[%clk 0:00:38]} 52. Nxf7
{[%clk 0:04:21]} d3+ {[%clk 0:00:28]} 53. Kd2 {[%clk 0:04:04]} f3
{[%clk 0:00:33]} 54. a7 {[%clk 0:03:06]} Nxa7 {[%clk 0:00:39]} 55. Nd6+
{[%clk 0:03:12]} Ke5 {[%clk 0:00:42]} 56. Nc4+ {[%clk 0:03:10]} Kd4
{[%clk 0:00:40]} 57. Ne3 {[%clk 0:03:08]} Ke4 {[%clk 0:00:46]} 58. Nd1
{[%clk 0:03:17]} Nc6 {[%clk 0:00:37]} 59. Nf2+ {[%clk 0:03:23]} Kf4
{[%clk 0:00:43]} 60. Nxd3+ {[%clk 0:03:18]} Kg3 {[%clk 0:00:51]} 61. b5
{[%clk 0:03:13]} Na5 {[%clk 0:00:34]} 62. Ke1 {[%clk 0:02:55]} Nc4
{[%clk 0:00:39]} 63. Kf1 {[%clk 0:02:56]} Ne3+ {[%clk 0:00:36]} 64. Kg1
{[%clk 0:03:01]} Nd5 {[%clk 0:00:33]} 65. Kf1 {[%clk 0:02:57]} Nb6
{[%clk 0:00:33]} 66. Kg1 {[%clk 0:03:02]} Nc4 {[%clk 0:00:40]} 67. Kf1
{[%clk 0:03:09]} Nb6 {[%clk 0:00:25]} 68. Kg1 {[%clk 0:03:18]} Nd5
{[%clk 0:00:31]} 1/2-1/2

[Event "Russiarapid"]
[Site "?"]
[Date "2016.10.03"]
[Round "10.3"]
[White "Dubov, Daniil"]
[Black "Yuffa, Daniil"]
[Result "1-0"]
[LiveChessVersion "1.4.4"]
[BlackElo "2566"]
[WhiteElo "2690"]

1. e4 {[%clk 0:15:19]} c6 {[%clk 0:15:16]} 2. d4 {[%clk 0:15:27]} d5
{[%clk 0:15:25]} 3. e5 {[%clk 0:15:36]} c5 {[%clk 0:15:33]} 4. dxc5
{[%clk 0:15:35]} Nc6 {[%clk 0:15:40]} 5. a3 {[%clk 0:15:44]} Nxe5
{[%clk 0:15:12]} 6. Bb5+ {[%clk 0:15:51]} Nc6 {[%clk 0:13:43]} 7. b4
{[%clk 0:16:00]} Nf6 {[%clk 0:13:33]} 8. Bb2 {[%clk 0:16:02]} g6 {[%clk 0:13:07]}
9. c4 {[%clk 0:15:17]} Be6 {[%clk 0:11:47]} 10. Nf3 {[%clk 0:14:41]} Bg7
{[%clk 0:10:37]} 11. Ng5 {[%clk 0:12:44]} O-O {[%clk 0:10:06]} 12. Nxe6
{[%clk 0:12:46]} fxe6 {[%clk 0:10:15]} 13. O-O {[%clk 0:12:36]} a6
{[%clk 0:10:10]} 14. Bxc6 {[%clk 0:12:37]} bxc6 {[%clk 0:10:18]} 15. Nd2
{[%clk 0:12:41]} Nh5 {[%clk 0:08:53]} 16. Bxg7 {[%clk 0:12:41]} Nxg7
{[%clk 0:08:11]} 17. Qe2 {[%clk 0:12:08]} Qc7 {[%clk 0:07:52]} 18. Nf3
{[%clk 0:12:03]} a5 {[%clk 0:07:23]} 19. Qe5 {[%clk 0:11:35]} Qb7
{[%clk 0:07:10]} 20. Nd4 {[%clk 0:10:53]} axb4 {[%clk 0:06:15]} 21. Nxe6
{[%clk 0:10:29]} Nxe6 {[%clk 0:05:09]} 22. Qxe6+ {[%clk 0:10:37]} Rf7
{[%clk 0:05:07]} 23. cxd5 {[%clk 0:09:17]} cxd5 {[%clk 0:03:56]} 24. axb4
{[%clk 0:08:40]} Rxa1 {[%clk 0:03:56]} 25. Rxa1 {[%clk 0:08:47]} Qxb4
{[%clk 0:04:03]} 26. Qxd5 {[%clk 0:08:02]} Qb2 {[%clk 0:04:06]} 27. Rf1
{[%clk 0:07:47]} Kg7 {[%clk 0:04:14]} 28. Qc4 {[%clk 0:07:29]} e5
{[%clk 0:04:01]} 29. c6 {[%clk 0:07:31]} Qd4 {[%clk 0:03:25]} 30. Qxd4
{[%clk 0:06:59]} exd4 {[%clk 0:03:34]} 31. Rc1 {[%clk 0:07:07]} Rc7
{[%clk 0:03:10]} 32. Kf1 {[%clk 0:07:15]} Kf6 {[%clk 0:03:19]} 33. Ke2
{[%clk 0:07:23]} Ke5 {[%clk 0:03:24]} 34. Kd3 {[%clk 0:07:32]} Kd5
{[%clk 0:03:09]} 35. f4 {[%clk 0:07:17]} Rxc6 {[%clk 0:02:51]} 36. Rxc6
{[%clk 0:07:25]} Kxc6 {[%clk 0:03:00]} 37. Kxd4 {[%clk 0:07:33]} Kd6
{[%clk 0:03:09]} 38. Ke4 {[%clk 0:07:42]} Ke6 {[%clk 0:03:19]} 39. g4
{[%clk 0:07:46]} Kf6 {[%clk 0:03:18]} 40. Kd5 {[%clk 0:07:50]} Kf7
{[%clk 0:03:19]} 41. Ke5 {[%clk 0:07:59]} Ke7 {[%clk 0:03:28]} 42. g5
{[%clk 0:06:21]} Kf7 {[%clk 0:03:36]} 43. Kd6 {[%clk 0:06:31]} Kf8
{[%clk 0:02:59]} 44. Ke6 {[%clk 0:06:39]} Ke8 {[%clk 0:03:08]} 45. Kf6
{[%clk 0:06:48]} Kf8 {[%clk 0:03:18]} 46. h3 {[%clk 0:06:58]} Kg8
{[%clk 0:03:25]} 47. Ke7 {[%clk 0:07:07]} Kg7 {[%clk 0:03:34]} 48. h4
{[%clk 0:07:04]} Kg8 {[%clk 0:03:41]} 49. h5 {[%clk 0:06:34]} Kg7
{[%clk 0:03:49]} 50. hxg6 {[%clk 0:06:41]} 1-0

[Event "Russiarapid"]
[Site "?"]
[Date "2016.10.03"]
[Round "10.4"]
[White "Artemiev, Vladislav"]
[Black "Zablotsky, Sergei"]
[Result "1-0"]
[LiveChessVersion "1.4.4"]
[BlackElo "2493"]
[WhiteElo "2701"]

1. d4 {[%clk 0:14:17]} d6 {[%clk 0:15:18]} 2. Nf3 {[%clk 0:14:19]} g6
{[%clk 0:15:24]} 3. e4 {[%clk 0:14:21]} Bg7 {[%clk 0:15:23]} 4. Bc4
{[%clk 0:14:27]} Nf6 {[%clk 0:15:28]} 5. Qe2 {[%clk 0:14:35]} O-O
{[%clk 0:14:59]} 6. O-O {[%clk 0:14:40]} c6 {[%clk 0:11:52]} 7. Bb3
{[%clk 0:14:23]} Bg4 {[%clk 0:10:55]} 8. Nbd2 {[%clk 0:13:48]} e6
{[%clk 0:08:23]} 9. h3 {[%clk 0:12:14]} Bxf3 {[%clk 0:08:30]} 10. Nxf3
{[%clk 0:12:22]} d5 {[%clk 0:07:53]} 11. e5 {[%clk 0:12:30]} Nfd7
{[%clk 0:07:24]} 12. Bg5 {[%clk 0:11:56]} Qb6 {[%clk 0:07:28]} 13. c4
{[%clk 0:10:37]} dxc4 {[%clk 0:05:06]} 14. Bxc4 {[%clk 0:10:45]} Qc7
{[%clk 0:05:13]} 15. Rac1 {[%clk 0:09:59]} Nb6 {[%clk 0:05:11]} 16. Bb3
{[%clk 0:10:06]} Na6 {[%clk 0:05:10]} 17. h4 {[%clk 0:08:16]} h6 {[%clk 0:03:56]}
18. Bd2 {[%clk 0:08:05]} Rad8 {[%clk 0:04:01]} 19. h5 {[%clk 0:08:06]} g5
{[%clk 0:04:04]} 20. Qe4 {[%clk 0:07:58]} Qd7 {[%clk 0:03:33]} 21. Bxg5
{[%clk 0:04:21]} hxg5 {[%clk 0:03:42]} 22. Nxg5 {[%clk 0:04:29]} f5
{[%clk 0:03:50]} 23. exf6 {[%clk 0:04:37]} Rxf6 {[%clk 0:03:59]} 24. Nxe6
{[%clk 0:04:20]} Nd5 {[%clk 0:04:07]} 25. Nxd8 {[%clk 0:04:19]} Qxd8
{[%clk 0:04:13]} 26. Rc3 {[%clk 0:03:15]} Nac7 {[%clk 0:04:02]} 27. Rg3
{[%clk 0:02:56]} Qd7 {[%clk 0:03:20]} 28. Re1 {[%clk 0:02:07]} Kf8
{[%clk 0:02:40]} 29. Rf3 {[%clk 0:00:22]} Rxf3 {[%clk 0:00:44]} 30. Qxf3+
{[%clk 0:00:31]} Qf7 {[%clk 0:00:53]} 31. Qg4 {[%clk 0:00:16]} Qf4
{[%clk 0:00:30]} 32. Qc8+ {[%clk 0:00:21]} Kf7 {[%clk 0:00:38]} 33. Bxd5+
{[%clk 0:00:12]} cxd5 {[%clk 0:00:33]} 34. Re3 {[%clk 0:00:15]} Bf6
{[%clk 0:00:33]} 35. Qd7+ {[%clk 0:00:17]} Kg8 {[%clk 0:00:21]} 36. g3
{[%clk 0:00:24]} Qxd4 {[%clk 0:00:15]} 37. Qxc7 {[%clk 0:00:32]} 1-0

[Event "Russiarapid"]
[Site "?"]
[Date "2016.10.03"]
[Round "10.5"]
[White "Tregubov, Pavel V."]
[Black "Dreev, Aleksey"]
[Result "0-1"]
[LiveChessVersion "1.4.4"]
[BlackElo "2690"]
[WhiteElo "2580"]

1. d4 {[%clk 0:15:18]} d5 {[%clk 0:15:19]} 2. c4 {[%clk 0:15:27]} c6
{[%clk 0:15:28]} 3. Nf3 {[%clk 0:15:36]} Nf6 {[%clk 0:15:36]} 4. e3
{[%clk 0:15:45]} Bf5 {[%clk 0:15:43]} 5. Nc3 {[%clk 0:15:52]} e6 {[%clk 0:15:52]}
6. Nh4 {[%clk 0:16:00]} Be4 {[%clk 0:16:01]} 7. f3 {[%clk 0:16:05]} Bg6
{[%clk 0:16:09]} 8. Qb3 {[%clk 0:15:55]} Qc7 {[%clk 0:16:18]} 9. Bd2
{[%clk 0:15:31]} Be7 {[%clk 0:16:25]} 10. cxd5 {[%clk 0:11:57]} cxd5
{[%clk 0:16:02]} 11. Nxg6 {[%clk 0:11:50]} hxg6 {[%clk 0:16:10]} 12. O-O-O
{[%clk 0:11:58]} Nc6 {[%clk 0:16:14]} 13. Kb1 {[%clk 0:12:06]} a6
{[%clk 0:15:15]} 14. Rc1 {[%clk 0:12:14]} g5 {[%clk 0:13:41]} 15. Bd3
{[%clk 0:12:09]} Kf8 {[%clk 0:13:23]} 16. Ne2 {[%clk 0:12:00]} Qd7
{[%clk 0:13:08]} 17. h3 {[%clk 0:09:11]} g6 {[%clk 0:13:11]} 18. e4
{[%clk 0:08:02]} Kg7 {[%clk 0:12:01]} 19. Rhd1 {[%clk 0:06:16]} Nh5
{[%clk 0:11:42]} 20. Be3 {[%clk 0:04:20]} Rad8 {[%clk 0:11:26]} 21. Ka1
{[%clk 0:04:02]} Rc8 {[%clk 0:10:14]} 22. exd5 {[%clk 0:01:54]} exd5
{[%clk 0:09:59]} 23. g4 {[%clk 0:02:03]} Nf4 {[%clk 0:09:14]} 24. Nxf4
{[%clk 0:01:54]} gxf4 {[%clk 0:09:22]} 25. Bxf4 {[%clk 0:02:03]} Rxh3
{[%clk 0:09:22]} 26. Bf1 {[%clk 0:02:10]} Rh1 {[%clk 0:09:08]} 27. Qe3
{[%clk 0:01:38]} Bd6 {[%clk 0:07:21]} 28. Bxd6 {[%clk 0:01:06]} Qxd6
{[%clk 0:07:30]} 29. Bd3 {[%clk 0:01:09]} Rxd1 {[%clk 0:06:37]} 30. Rxd1
{[%clk 0:01:18]} Rh8 {[%clk 0:06:45]} 31. a3 {[%clk 0:01:05]} Qg3
{[%clk 0:06:15]} 32. Bb1 {[%clk 0:00:48]} Rh3 {[%clk 0:06:10]} 33. Ba2
{[%clk 0:00:55]} Qxf3 {[%clk 0:05:05]} 34. Qxf3 {[%clk 0:01:04]} Rxf3
{[%clk 0:05:14]} 35. Bxd5 {[%clk 0:01:12]} Rf4 {[%clk 0:05:21]} 36. g5
{[%clk 0:01:15]} Rf5 {[%clk 0:05:05]} 37. Bxc6 {[%clk 0:01:19]} bxc6
{[%clk 0:05:14]} 38. Rg1 {[%clk 0:01:19]} Rd5 {[%clk 0:05:07]} 39. Rg4
{[%clk 0:01:26]} f6 {[%clk 0:04:56]} 40. gxf6+ {[%clk 0:01:35]} Kxf6
{[%clk 0:05:05]} 41. Kb1 {[%clk 0:00:57]} g5 {[%clk 0:04:33]} 42. Kc2
{[%clk 0:00:46]} Kf5 {[%clk 0:04:42]} 43. Rg3 {[%clk 0:00:55]} Rxd4
{[%clk 0:03:05]} 44. Rc3 {[%clk 0:01:04]} g4 {[%clk 0:02:11]} 45. Rc5+
{[%clk 0:01:11]} Rd5 {[%clk 0:01:56]} 46. Rxc6 {[%clk 0:01:19]} g3
{[%clk 0:02:02]} 47. Rc8 {[%clk 0:01:18]} Kf4 {[%clk 0:02:09]} 48. Rf8+
{[%clk 0:01:14]} Rf5 {[%clk 0:02:14]} 0-1

[Event "Russiarapid"]
[Site "?"]
[Date "2016.10.03"]
[Round "10.6"]
[White "Riazantsev, Alexander"]
[Black "Motylev, Alexander"]
[Result "1-0"]
[LiveChessVersion "1.4.4"]
[BlackElo "2669"]
[WhiteElo "2685"]

1. d4 {[%clk 0:15:16]} d5 {[%clk 0:15:17]} 2. c4 {[%clk 0:15:24]} c6
{[%clk 0:15:25]} 3. Nc3 {[%clk 0:15:25]} Nf6 {[%clk 0:15:29]} 4. e3
{[%clk 0:15:34]} e6 {[%clk 0:15:38]} 5. Bd3 {[%clk 0:15:41]} Nbd7
{[%clk 0:15:38]} 6. b3 {[%clk 0:15:49]} Bd6 {[%clk 0:14:43]} 7. f4
{[%clk 0:15:54]} b6 {[%clk 0:14:19]} 8. Nf3 {[%clk 0:16:00]} Bb7 {[%clk 0:14:28]}
9. O-O {[%clk 0:16:07]} Qe7 {[%clk 0:14:34]} 10. Bb2 {[%clk 0:15:15]} Rc8
{[%clk 0:14:40]} 11. Ne5 {[%clk 0:14:50]} c5 {[%clk 0:14:40]} 12. cxd5
{[%clk 0:14:47]} exd5 {[%clk 0:14:35]} 13. Qf3 {[%clk 0:14:36]} O-O
{[%clk 0:13:46]} 14. Qh3 {[%clk 0:14:13]} g6 {[%clk 0:12:52]} 15. Rad1
{[%clk 0:11:07]} Rfd8 {[%clk 0:12:40]} 16. Ne2 {[%clk 0:09:57]} cxd4
{[%clk 0:09:01]} 17. Nxd7 {[%clk 0:09:07]} Qxd7 {[%clk 0:08:29]} 18. f5
{[%clk 0:07:49]} Qe7 {[%clk 0:06:57]} 19. fxg6 {[%clk 0:04:40]} fxg6
{[%clk 0:06:54]} 20. Bxd4 {[%clk 0:04:39]} Rf8 {[%clk 0:06:11]} 21. Nf4
{[%clk 0:04:25]} Be5 {[%clk 0:03:37]} 22. Bxe5 {[%clk 0:03:50]} Qxe5
{[%clk 0:03:46]} 23. Bxg6 {[%clk 0:03:59]} hxg6 {[%clk 0:02:37]} 24. Nxg6
{[%clk 0:04:08]} Qh5 {[%clk 0:01:56]} 25. Qxh5 {[%clk 0:03:15]} Nxh5
{[%clk 0:02:04]} 26. Rxf8+ {[%clk 0:03:23]} Rxf8 27. Nxf8 {[%clk 0:03:32]} Kxf8
{[%clk 0:02:22]} 28. Rc1 {[%clk 0:03:41]} Ba6 {[%clk 0:01:49]} 29. Rc7
{[%clk 0:03:42]} Nf6 {[%clk 0:01:58]} 30. Rxa7 {[%clk 0:03:50]} Bd3
{[%clk 0:02:06]} 31. Rb7 {[%clk 0:03:26]} Ng4 {[%clk 0:01:23]} 32. Rxb6
{[%clk 0:03:23]} Ke7 {[%clk 0:01:28]} 33. a4 {[%clk 0:03:03]} Nxe3
{[%clk 0:01:04]} 34. a5 {[%clk 0:03:12]} d4 {[%clk 0:00:47]} 35. a6
{[%clk 0:02:46]} Bxa6 {[%clk 0:00:22]} 36. Rxa6 {[%clk 0:02:51]} d3
{[%clk 0:00:30]} 37. Ra2 {[%clk 0:02:25]} Nc2 {[%clk 0:00:39]} 38. Kf2
{[%clk 0:02:11]} 1-0

[Event "Russiarapid"]
[Site "?"]
[Date "2016.10.03"]
[Round "10.7"]
[White "Grachev, Boris"]
[Black "Rakhmanov, Aleksandr"]
[Result "1/2-1/2"]
[LiveChessVersion "1.4.4"]
[BlackElo "2528"]
[WhiteElo "2648"]

1. d4 {[%clk 0:15:16]} Nf6 {[%clk 0:15:18]} 2. Nf3 {[%clk 0:15:23]} g6
{[%clk 0:15:25]} 3. Nbd2 {[%clk 0:15:18]} d5 {[%clk 0:15:20]} 4. e3
{[%clk 0:15:26]} Bg7 {[%clk 0:15:28]} 5. b4 {[%clk 0:15:34]} O-O {[%clk 0:15:32]}
6. c4 {[%clk 0:15:37]} c6 {[%clk 0:15:38]} 7. a4 {[%clk 0:14:59]} Bf5
{[%clk 0:14:58]} 8. Bb2 {[%clk 0:14:31]} Ne4 {[%clk 0:14:55]} 9. Nxe4
{[%clk 0:13:56]} Bxe4 {[%clk 0:15:01]} 10. Nd2 {[%clk 0:14:05]} Bf5
{[%clk 0:14:55]} 11. Be2 {[%clk 0:14:09]} Nd7 {[%clk 0:14:04]} 12. O-O
{[%clk 0:13:37]} e5 {[%clk 0:13:01]} 13. cxd5 {[%clk 0:12:51]} cxd5
{[%clk 0:12:56]} 14. Nf3 {[%clk 0:12:10]} e4 {[%clk 0:12:59]} 15. Nd2
{[%clk 0:12:14]} Be6 {[%clk 0:12:33]} 16. Rc1 {[%clk 0:10:32]} f5
{[%clk 0:12:36]} 17. Qc2 {[%clk 0:10:26]} Rc8 {[%clk 0:11:49]} 18. Qb3
{[%clk 0:10:12]} Qf6 {[%clk 0:11:17]} 19. Rxc8 {[%clk 0:09:18]} Rxc8
{[%clk 0:11:26]} 20. Rc1 {[%clk 0:09:27]} Qd8 {[%clk 0:10:48]} 21. b5
{[%clk 0:09:00]} Rxc1+ {[%clk 0:10:20]} 22. Bxc1 {[%clk 0:09:09]} Qc7
{[%clk 0:10:25]} 23. Ba3 {[%clk 0:08:51]} Bf8 {[%clk 0:09:57]} 24. Bxf8
{[%clk 0:08:25]} Qc1+ {[%clk 0:09:38]} 25. Nf1 {[%clk 0:08:00]} Kxf8
{[%clk 0:09:43]} 26. Qb4+ {[%clk 0:08:08]} Kf7 {[%clk 0:09:49]} 27. h4
{[%clk 0:07:36]} b6 {[%clk 0:08:36]} 28. h5 {[%clk 0:05:03]} Nf6 {[%clk 0:08:29]}
29. hxg6+ {[%clk 0:04:19]} hxg6 {[%clk 0:08:37]} 30. Qd2 {[%clk 0:03:52]} Qxd2
{[%clk 0:08:20]} 31. Nxd2 {[%clk 0:04:00]} g5 {[%clk 0:07:58]} 32. g3
{[%clk 0:03:59]} g4 {[%clk 0:05:50]} 33. Nb1 {[%clk 0:03:55]} Ke7
{[%clk 0:05:44]} 34. Kf1 {[%clk 0:03:57]} Kd6 {[%clk 0:05:52]} 35. Ke1
{[%clk 0:04:05]} Bc8 {[%clk 0:05:52]} 36. Nc3 {[%clk 0:04:11]} Bb7
{[%clk 0:05:45]} 37. Na2 {[%clk 0:04:12]} Nh7 {[%clk 0:05:33]} 1/2-1/2

[Event "Russiarapid"]
[Site "?"]
[Date "2016.10.03"]
[Round "10.8"]
[White "Sakaev, Konstantin"]
[Black "Shaposhnikov, Evgeny"]
[Result "1/2-1/2"]
[LiveChessVersion "1.4.4"]
[BlackElo "2566"]
[WhiteElo "2623"]

1. Nf3 {[%clk 0:15:17]} c5 {[%clk 0:15:12]} 2. g3 {[%clk 0:15:24]} Nc6
{[%clk 0:15:20]} 3. Bg2 {[%clk 0:15:31]} g6 {[%clk 0:15:28]} 4. c3
{[%clk 0:14:51]} Bg7 {[%clk 0:14:50]} 5. d4 {[%clk 0:14:41]} cxd4
{[%clk 0:14:58]} 6. cxd4 {[%clk 0:14:50]} d5 {[%clk 0:15:05]} 7. Nc3
{[%clk 0:14:53]} Nh6 {[%clk 0:14:55]} 8. Bxh6 {[%clk 0:13:35]} Bxh6
{[%clk 0:15:04]} 9. O-O {[%clk 0:13:14]} O-O {[%clk 0:14:59]} 10. e3
{[%clk 0:13:23]} e6 {[%clk 0:14:55]} 11. Rc1 {[%clk 0:13:25]} Bd7
{[%clk 0:14:59]} 12. Ne1 {[%clk 0:10:51]} Rc8 {[%clk 0:14:54]} 13. Nd3
{[%clk 0:10:58]} Na5 {[%clk 0:14:53]} 14. Qe2 {[%clk 0:10:56]} b6
{[%clk 0:14:33]} 15. Ne5 {[%clk 0:10:09]} Nc4 {[%clk 0:14:32]} 16. Nxc4
{[%clk 0:10:03]} Rxc4 {[%clk 0:14:33]} 17. b3 {[%clk 0:09:44]} Rc7
{[%clk 0:14:35]} 18. Nb5 {[%clk 0:09:41]} Bxb5 {[%clk 0:12:42]} 19. Qxb5
{[%clk 0:09:49]} Qc8 {[%clk 0:12:51]} 20. Rxc7 {[%clk 0:09:45]} Qxc7
{[%clk 0:12:59]} 21. e4 {[%clk 0:09:21]} dxe4 {[%clk 0:12:52]} 1/2-1/2

[Event "Russiarapid"]
[Site "?"]
[Date "2016.10.03"]
[Round "10.9"]
[White "Morozevich, Alexander"]
[Black "Rozum, Ivan"]
[Result "1-0"]
[LiveChessVersion "1.4.4"]
[BlackElo "2608"]
[WhiteElo "2716"]

1. e4 {[%clk 0:15:14]} c6 {[%clk 0:15:19]} 2. d4 {[%clk 0:15:19]} d5
{[%clk 0:15:27]} 3. e5 {[%clk 0:15:27]} Bf5 {[%clk 0:15:35]} 4. h4
{[%clk 0:15:35]} h5 {[%clk 0:15:42]} 5. Bd3 {[%clk 0:15:42]} Bxd3
{[%clk 0:15:50]} 6. Qxd3 {[%clk 0:15:51]} e6 {[%clk 0:15:57]} 7. Bg5
{[%clk 0:15:59]} Be7 {[%clk 0:16:03]} 8. Nf3 {[%clk 0:16:06]} Nh6
{[%clk 0:16:11]} 9. Nc3 {[%clk 0:15:43]} Nf5 {[%clk 0:16:18]} 10. O-O-O
{[%clk 0:14:47]} Nd7 {[%clk 0:16:15]} 11. Kb1 {[%clk 0:14:54]} Rc8
{[%clk 0:14:34]} 12. g3 {[%clk 0:11:30]} b5 {[%clk 0:13:30]} 13. Ne2
{[%clk 0:11:21]} b4 {[%clk 0:12:03]} 14. Nf4 {[%clk 0:11:25]} g6 {[%clk 0:11:28]}
15. Bxe7 {[%clk 0:10:50]} Qxe7 {[%clk 0:09:45]} 16. Qa6 {[%clk 0:10:59]} Nb6
{[%clk 0:09:31]} 17. Nd3 {[%clk 0:10:47]} O-O {[%clk 0:07:15]} 18. Rhg1
{[%clk 0:08:46]} Nc4 {[%clk 0:06:38]} 19. g4 {[%clk 0:08:28]} Nxh4
{[%clk 0:05:08]} 20. Nxh4 {[%clk 0:08:32]} Qxh4 {[%clk 0:05:16]} 21. gxh5
{[%clk 0:05:33]} Qxh5 {[%clk 0:05:22]} 22. Qxa7 {[%clk 0:05:30]} Rb8
{[%clk 0:03:55]} 23. Qe7 {[%clk 0:04:59]} Qf5 {[%clk 0:03:59]} 24. Rg3
{[%clk 0:03:16]} Rfe8 {[%clk 0:03:39]} 25. Qf6 {[%clk 0:03:06]} Qxf6
{[%clk 0:03:02]} 26. exf6 {[%clk 0:03:15]} Nd6 {[%clk 0:02:57]} 27. f3
{[%clk 0:03:17]} Rec8 {[%clk 0:01:57]} 28. Ne5 {[%clk 0:03:22]} Ne8
{[%clk 0:01:53]} 29. Ng4 {[%clk 0:03:16]} c5 {[%clk 0:00:34]} 30. Rh1
{[%clk 0:03:25]} Rb7 {[%clk 0:00:24]} 31. Rgh3 {[%clk 0:03:29]} Nxf6
{[%clk 0:00:30]} 32. Rh8+ {[%clk 0:03:05]} Kg7 {[%clk 0:00:40]} 33. Rxc8
{[%clk 0:03:13]} cxd4 {[%clk 0:00:46]} 34. Ne5 {[%clk 0:03:20]} Nh5
{[%clk 0:00:43]} 35. Nc6 {[%clk 0:02:58]} Kf6 {[%clk 0:00:36]} 36. Nxd4
{[%clk 0:02:59]} Ke5 {[%clk 0:00:37]} 37. Nc6+ {[%clk 0:02:43]} Kf4
{[%clk 0:00:45]} 38. Rh4+ {[%clk 0:02:50]} Kxf3 {[%clk 0:00:48]} 39. Rxb4
{[%clk 0:02:59]} Rxb4 {[%clk 0:00:40]} 40. Nxb4 {[%clk 0:03:08]} g5
{[%clk 0:00:34]} 41. Nd3 {[%clk 0:03:17]} 1-0